| 000 | 00731nam a2200217Ia 4500 | ||
|---|---|---|---|
| 005 | 20230705085509.0 | ||
| 008 | 131103s9999 xx 000 0 und d | ||
| 040 | _aLoreto College | ||
| 041 | _aEnglish | ||
| 082 |
_a945 _bTRE |
||
| 100 | _aTrevelyan,Janet Penrose | ||
| 245 | 2 |
_aA short History of the Italian people _b from the Barbarian invasions to the present day _cJanet Penrose Trevelyan; revised edition with an epilogue by D.Mack Smith;foreward by G.M.Trevelyan |
|
| 250 | _a4th ed.,rev. | ||
| 260 |
_aLondon _bGeorge Allen & Unwin _c1956 (1959 printing) |
||
| 300 |
_a425 p. _b ill.,maps |
||
| 504 | _aIncludes index | ||
| 650 | _aItaly - History | ||
| 700 | _aSmith,D.Mack,rev. | ||
| 850 | _aLCLIB | ||
| 942 | _cBK | ||
| 999 |
_c8145 _d58624 |
||